=LDR 00000nam 2200000 4500 =001 INLIS000000000043603 =005 20140925110635.0 =006 =007 =008 Ind =035 ##$$a 0010-101300000001525 =041 ##$$a Ind =082 ##$$a 823 =090 ##$$a 823, Web g =100 ##$$a Webb, Mary =245 ##$$a Gone to eavth, Mavy webb =260 ##$$a 1917 $b London =300 ##$$a 413 hlm, 21 cm =650 ##$$a Fiksi Inggris =850 ##$$a NBPNMAT